| 000 -LEADER |
| fixed length control field |
00615nam a2200193Ia 4500 |
| 001 - CONTROL NUMBER |
| control field |
3287 |
| 003 - CONTROL NUMBER IDENTIFIER |
| control field |
GE_BSU |
| 008 - FIXED-LENGTH DATA ELEMENTS--GENERAL INFORMATION |
| fixed length control field |
181216s||||||||xx |||||||||||||| ||und|| |
| 040 ## - CATALOGING SOURCE |
| Transcribing agency |
GE_BSU |
| 080 ## - UNIVERSAL DECIMAL CLASSIFICATION NUMBER |
| Universal Decimal Classification number |
665.55 |
| 245 ## - TITLE STATEMENT |
| Title |
Нефтехимия, нефтехимичесие процессы и нефтепереработка. |
| 245 ## - TITLE STATEMENT |
| Statement of responsibility, etc. |
Вед. ред. С.И.Бабушкина. |
| 260 ## - PUBLICATION, DISTRIBUTION, ETC. |
| Place of publication, distribution, etc. |
М. |
| 260 ## - PUBLICATION, DISTRIBUTION, ETC. |
| Name of publisher, distributor, etc. |
Химия. |
| 260 ## - PUBLICATION, DISTRIBUTION, ETC. |
| Date of publication, distribution, etc. |
1964. |
| 300 ## - PHYSICAL DESCRIPTION |
| Extent |
266 стр. 22см. |
| 653 ## - INDEX TERM--UNCONTROLLED |
| Uncontrolled term |
Нефтехимия, нефтехимичесие процессы и нефтепереработка. |
| 942 ## - ADDED ENTRY ELEMENTS (KOHA) |
| Koha item type |
წიგნი |